000 00538nam a2200169Ia 4500
005 20250923145326.0
008 008 250917s9999 xx 000 0 eng d
037 _aTextual
040 _aDSWL
_beng
_cDSWL
041 _aeng
_2eng
084 _aYx;A;5-P44Q7, N69
_qDSWL
245 0 _aPopulation control: Implications trends prospects
_cEd. by Nafis Sadik
260 _aAhmadabad
_bPobitan Family Planning Council
_c1969
300 _axv,686p.
942 _cTEXL
_hYx;A;5-P44Q7, N69
999 _c1450020
_d1450020